| 000 | 00571nam a22002057a 4500 | ||
|---|---|---|---|
| 999 |
_c1695 _d1695 |
||
| 003 | OSt | ||
| 005 | 20191030103605.0 | ||
| 008 | 150430b xxu||||| |||| 00| 0 eng d | ||
| 020 | _a033342347x | ||
| 040 | _c04 | ||
| 082 | _aWS 100 D344p 1996 | ||
| 100 |
_aDean, Pauline; Ebrahim, G. J. _94485 |
||
| 245 |
_aPractical Care of Sick Children : _bA manual for use in small tropical hospitals |
||
| 260 |
_aMalaysia: _bMacmillan; _c1996. |
||
| 300 | _aiv, | ||
| 504 | _aIncludes index | ||
| 650 |
_aSick children _94486 |
||
| 650 |
_aPaediatrics _93350 |
||
| 942 |
_2z _cSLOAN |
||